|
|
|
|
| LEADER |
03549nam a22005295i 4500 |
| 001 |
978-3-540-47696-2 |
| 003 |
DE-He213 |
| 005 |
20151204164414.0 |
| 007 |
cr nn 008mamaa |
| 008 |
100325s2006 gw | s |||| 0|eng d |
| 020 |
|
|
|a 9783540476962
|9 978-3-540-47696-2
|
| 024 |
7 |
|
|a 10.1007/11908562
|2 doi
|
| 040 |
|
|
|d GrThAP
|
| 050 |
|
4 |
|a QA76.758
|
| 072 |
|
7 |
|a UMZ
|2 bicssc
|
| 072 |
|
7 |
|a UL
|2 bicssc
|
| 072 |
|
7 |
|a COM051230
|2 bisacsh
|
| 082 |
0 |
4 |
|a 005.1
|2 23
|
| 245 |
1 |
0 |
|a Software Process Improvement
|h [electronic resource] :
|b 13th European Conference, EuroSPI 2006, Joensuu, Finland, October 11-13, 2006. Proceedings /
|c edited by Ita Richardson, Per Runeson, Richard Messnarz.
|
| 264 |
|
1 |
|a Berlin, Heidelberg :
|b Springer Berlin Heidelberg,
|c 2006.
|
| 300 |
|
|
|a XII, 228 p.
|b online resource.
|
| 336 |
|
|
|a text
|b txt
|2 rdacontent
|
| 337 |
|
|
|a computer
|b c
|2 rdamedia
|
| 338 |
|
|
|a online resource
|b cr
|2 rdacarrier
|
| 347 |
|
|
|a text file
|b PDF
|2 rda
|
| 490 |
1 |
|
|a Lecture Notes in Computer Science,
|x 0302-9743 ;
|v 4257
|
| 505 |
0 |
|
|a Software Process Improvement – EuroSPI 2006 Conference -- SPI and Processes -- Developing Software with Scrum in a Small Cross-Organizational Project -- Implementing an ISO 9001 Certified Process -- Software Process in Practice: A Grounded Theory of the Irish Software Industry -- SPI and Problem/Risk Management -- Improving the Software Problem Management Process: A Case Study -- A Framework for Overcoming Supplier Related Threats in Global Projects -- Three Case-Studies on Common Software Process Problems in Software Company Acquisitions -- SPI Measurement -- Simple Indicators for Tracking Software Process Improvement Progress -- Investigating Suitability of Software Process and Metrics for Statistical Process Control -- Current Practices of Measuring Quality in Finnish Software Engineering Industry -- SPI and Process Modelling -- An Industry-Based Evaluation of Process Modeling Techniques -- Process Model Difference Analysis for Supporting Process Evolution -- Changing Role of SPI – Opportunities and Challenges of Process Modeling -- SPI and Human Success Factors -- Mentality Patterns: Capturing and Dealing Explicitly with Recurring Turns of Mind in Software Development -- Improving by Involving: A Case Study in a Small Software Company -- Trust Facilitating Good Software Outsourcing Relationships -- SPI Implementation -- Assessing Software Replacement Success: An Industrial Case Study Applying Four Approaches -- Leveraging Feedback on Processes in SOA Projects -- Taba Workstation: Supporting Software Process Improvement Initiatives Based on Software Standards and Maturity Models.
|
| 650 |
|
0 |
|a Computer science.
|
| 650 |
|
0 |
|a Software engineering.
|
| 650 |
|
0 |
|a Computers and civilization.
|
| 650 |
|
0 |
|a Management information systems.
|
| 650 |
1 |
4 |
|a Computer Science.
|
| 650 |
2 |
4 |
|a Software Engineering/Programming and Operating Systems.
|
| 650 |
2 |
4 |
|a Software Engineering.
|
| 650 |
2 |
4 |
|a Management of Computing and Information Systems.
|
| 650 |
2 |
4 |
|a Computers and Society.
|
| 700 |
1 |
|
|a Richardson, Ita.
|e editor.
|
| 700 |
1 |
|
|a Runeson, Per.
|e editor.
|
| 700 |
1 |
|
|a Messnarz, Richard.
|e editor.
|
| 710 |
2 |
|
|a SpringerLink (Online service)
|
| 773 |
0 |
|
|t Springer eBooks
|
| 776 |
0 |
8 |
|i Printed edition:
|z 9783540476955
|
| 830 |
|
0 |
|a Lecture Notes in Computer Science,
|x 0302-9743 ;
|v 4257
|
| 856 |
4 |
0 |
|u http://dx.doi.org/10.1007/11908562
|z Full Text via HEAL-Link
|
| 912 |
|
|
|a ZDB-2-SCS
|
| 912 |
|
|
|a ZDB-2-LNC
|
| 950 |
|
|
|a Computer Science (Springer-11645)
|